000 01073naa a22003377a 4500
001 BR8202706
003 BR-BrBNA
005 20250721143158.0
007 ta
008 250630b bl.|||m| |||| 00| 0 por d
040 _aBR-BrBNA
_bpor
_cBiblioteca Nacional de Agricultura
041 _a(Pt)
072 _aH70
_b0120
_b4010
090 _aH70 BR8202706
100 1 _aSantos, J.P.
100 1 _aCruz, I.
245 1 _aControle de pragas no milho armazenado [Zea mays]
500 _aArmazenamento e controle de pragas do milho Sete Lagoas, MG (Brasil): 1982. p. 5-15 (BR8202706-AMS)
773 0 _tArmazenamento e controle de pragas do milho
_wH70 BR8202706
_gSete Lagoas, MG (Brasil), 1982. p. 5-15
650 _aMILHO
650 _aEXPURGO
650 _aARMAZENAMENTO
650 _aCARUNCHO
650 _aTRACA
650 _aRATO
650 _aCONTROLE QUIMICO
650 _aANALISE QUANTITATIVA
490 _aDocumentos - Centro Nacional de Pesquisa de Milho e Sorgo (Brazil)
_vno. 1
942 _cAMS
_2AGRIS
909 _a202506
_bLúcia
_c55
_dLúcia Elande
999 _c334143
_d334143